Exploring slum children's life- world / (Record no. 88405)

MARC details
000 -LEADER
fixed length control field 01064nam a22002657a 4500
005 - DATE AND TIME OF LATEST TRANSACTION
control field 20140909154825.0
010 ## - LCCN (DPL NO)
LC control number ENG-110786
020 ## - INTERNATIONAL STANDARD BOOK NUMBER
International Standard Book Number 9788183875158
Terms of availability 995.00
035 ## - SYSTEM CONTROL NUMBER
System control number EN-94318
037 ## - SOURCE OF ACQUISITION
Source of stock number/acquisition DBAD/PUB
082 ## - DEWEY DECIMAL CLASSIFICATION NUMBER
Classification number 305.230869420954133
100 ## - MAIN ENTRY--PERSONAL NAME
Personal name Mohapatra, Samapika
245 ## - TITLE STATEMENT
Title Exploring slum children's life- world /
Statement of responsibility, etc by Samapika Mohapatra
260 ## - PUBLICATION, DISTRIBUTION, ETC. (IMPRINT)
Place of publication, distribution, etc Delhi
Name of publisher, distributor, etc Serials Publications
Date of publication, distribution, etc 2012
270 ## - ADDRESS
Address 4830/24,Prahlad street, Ansari Road ,Darya Ganj
City New Delhi
Postal code 110002
300 ## - PHYSICAL DESCRIPTION
Extent x,256p. :
Dimensions 23cm(pbk)
Other physical details ill., folded map
500 ## - GENERAL NOTE
General note Folded map tipped in
500 ## - GENERAL NOTE
General note Originally presented as the author’s thesis (Ph. D.)--Jawaharlal Nehru University.
500 ## - GENERAL NOTE
General note Includes bibliographical references (p. [241]-256).
520 ## - SUMMARY, ETC.
Summary, etc Study conducted in Bhubaneswar, Orissa, India.
650 ## - SUBJECT ADDED ENTRY--TOPICAL TERM
Topical term or geographic name as entry element Poor children
Geographic subdivision India
-- Bhubaneswar
General subdivision Social conditions.
650 ## - SUBJECT ADDED ENTRY--TOPICAL TERM
Topical term or geographic name as entry element Poor children
General subdivision Education
Geographic subdivision India
-- Bhubaneswar.
650 ## - SUBJECT ADDED ENTRY--TOPICAL TERM
Topical term or geographic name as entry element Slums
Geographic subdivision India
-- Bhubaneswar.
942 ## - ADDED ENTRY ELEMENTS (KOHA)
Source of classification or shelving scheme Dewey Decimal Classification
Item type English Books
Classification part 305.230869420954133
Call number suffix MOH
Holdings
Withdrawn status Lost status Not for loan Collection code Home library Current library Date acquired Source of acquisition Cost, normal purchase price Full call number Barcode Copy number Cost, replacement price Koha item type
    Not For Loan Non-fiction D.B.Act.Division D.B.Act.Division 08/09/2014 DBAD/PUB 995.00 305.230869420954133 MOH EN-94318 1 995.00 English Books

© Delhi Public Library
Hit Counter
free hit counter